FARM MACHINERY AND POWER (Record no. 216243)
[ view plain ]
| 000 -LEADER | |
|---|---|
| fixed length control field | 00455nam a22001577a 4500 |
| 008 - FIXED-LENGTH DATA ELEMENTS--GENERAL INFORMATION | |
| fixed length control field | 251121b |||||||| |||| 00| 0 eng d |
| 020 ## - INTERNATIONAL STANDARD BOOK NUMBER | |
| International Standard Book Number | 979-8-88715-00-93 |
| 100 ## - MAIN ENTRY--PERSONAL NAME | |
| Personal name | AITKEN NANCY |
| 245 ## - TITLE STATEMENT | |
| Title | FARM MACHINERY AND POWER |
| 260 ## - PUBLICATION, DISTRIBUTION, ETC. | |
| Place of publication, distribution, etc. | DUBLIN |
| Name of publisher, distributor, etc. | ORYSON PRESS |
| Date of publication, distribution, etc. | 2023 |
| 300 ## - PHYSICAL DESCRIPTION | |
| Extent | VIII, 296P. |
| 500 ## - GENERAL NOTE | |
| General note | INCLUDES INDEX |
| 650 ## - SUBJECT ADDED ENTRY | |
| Topical term or geographic name entry element | 1. FARM MACHINERY 2. AGRICULTURAL ENGINEERING 3. POWER IN AGRICULTURE |
| 942 ## - ADDED ENTRY ELEMENTS (KOHA) | |
| Source of classification or shelving scheme | Library of Congress Classification |
| Koha item type | Long Loan Book |
| Withdrawn status | Lost status | Source of classification or shelving scheme | Damaged status | Not for loan | Collection | Home library | Current library | Shelving location | Date acquired | Inventory number | Total checkouts | Full call number | Barcode | Date last seen | Copy number | Price effective from | Koha item type | Date last checked out |
|---|---|---|---|---|---|---|---|---|---|---|---|---|---|---|---|---|---|---|
| Library of Congress Classification | Science & Technology | Kisii University Library | Kisii University Library | On Display | 11/21/2025 | 109984 | S 674 .A38 2023 | 000000001027 | 11/21/2025 | C.1 | 11/21/2025 | Long Loan Book | ||||||
| Library of Congress Classification | Science & Technology | Kisii University Library | Kisii University Library | On Display | 11/21/2025 | 109985 | 1 | S 674 .A38 2023 | 000000001028 | 03/25/2026 | C.2 | 11/21/2025 | Long Loan Book | 03/13/2026 | ||||
| Library of Congress Classification | Science & Technology | Kisii University Library | Kisii University Library | On Display | 11/21/2025 | 109986 | 1 | S 674 .A38 2023 | 000000001029 | 12/09/2025 | C.3 | 11/21/2025 | Long Loan Book | 11/26/2025 | ||||
| Library of Congress Classification | Science & Technology | Kisii University Library | Kisii University Library | On Display | 11/21/2025 | 109987 | S 674 .A38 2023 | 000000001030 | 11/21/2025 | C.4 | 11/21/2025 | Long Loan Book |